Movies Quiz

Random Movies or Asia Quiz

Dorama Ost Quiz Stats

 Plays Quiz not verified by Sporcle

Score 0/10 Timer 05:00
0 Plays Today
% Correct
Boys Over Flowers
82.1%
You're Beautiful
53.2%
Friend, Our Legend
52.2%
Iris
46.8%
Secret Garden
38.8%
The Fugitive
36.8%
Personal Taste
29.4%
Coffee House
26.9%
Flower Boy Ramyun Shop
22.4%
Big
20.4%

You're not logged in!

Compare scores with friends on all Sporcle quizzes.
OR
Log In

Show Comments

Extras

Created Jul 29, 2012ReportNominate
Tags:Asia Quiz, ost

Top Quizzes Today


Score Distribution

Your Account Isn't Verified!

In order to create a playlist on Sporcle, you need to verify the email address you used during registration. Go to your Sporcle Settings to finish the process.

Report this User

Report this user for behavior that violates our Community Guidelines.

Details: